| 000 | 00620nam a22002057a 4500 | ||
|---|---|---|---|
| 999 |
_c2628 _d2628 |
||
| 003 | AR-CdUCM | ||
| 008 | 190305b ||||| |||| 00| 0 spa d | ||
| 040 |
_aMUNICIPALIDAD PROVINCIAL DEL CUSCO _cBIBLIOTECA MUNICIPAL DEL CUSCO |
||
| 082 |
_a985.62 / _bM14 |
||
| 100 |
_aMedina Zevallos, Oscar _97100 |
||
| 245 |
_aEn enigma de Machupicchu : _b500 años después / |
||
| 260 |
_aCusco : _bMILENIUN , _c1996. |
||
| 300 |
_a240 páginas ; _c20.5 cm. |
||
| 500 | _aNovela... | ||
| 650 |
_aCusqueñismo _92721 |
||
| 650 |
_aMachupicchu _91751 |
||
| 650 |
_aLiteratura Cusqueña _97280 |
||
| 942 |
_2ddc _cLIBROS |
||
| 945 | _artm | ||